County Towns of Ireland with a Map - Statistics

General Stats
  • This quiz has been taken 143 times
  • The average score is 19 of 32
Answers on the Map
Answers color-coded by a green-red scale on the quiz's map according to % correct below.
 
Answer Stats
County Answer % Correct
---- Cork
88%
------ Dublin
88%
------ Galway
83%
------- Limerick
81%
--------- Waterford
81%
----- Sligo
73%
------- Wexford
73%
------ Armagh
70%
Clare Ennis
70%
-------- Kilkenny
70%
------- Wicklow
69%
----- Cavan
66%
------ Carlow
64%
Fermanagh Enniskillen
63%
--------- Roscommon
62%
Tyrone Omagh
61%
Louth Dundalk
60%
Laois Portlaois
59%
Kerry Tralee
58%
-------- Monaghan
56%
-------- Longford
54%
Mayo Castlebar
50%
Kildare Naas
50%
Meath Navan
49%
Leitrim Carrick-on-Shannon
45%
Offaly Tullamore
43%
Down Downpatrick
42%
Westmeath Mullingar
42%
Antrim Ballymena
39%
Londonderry Coleraine
37%
Tipperary Nenagh
33%
Donegal Lifford
27%
No matching quizzes found
Score Distribution
Percent of People with Each Score
Percentile by Number Answered
Your Score History
You have not taken this quiz